Africa by First 3 Letters Quiz Stats

 Plays Quiz Updated Dec 27, 2018

     
Support Sporcle.
Go Orange.
Score 0/54 Timer 01:00
0 Plays Today
Country % Correct
South Africa
91.4%
South Sudan
91.4%
Egypt
85.7%
Sudan
72.5%
Libya
71.8%
Liberia
71.8%
Niger
69.8%
Nigeria
69.8%
Morocco
67.6%
Algeria
66.2%
Mali
62.8%
Malawi
62.7%
Democratic Republic of Congo
62.2%
Kenya
61.9%
Ethiopia
59.1%
Zimbabwe
55.7%
Chad
55.5%
Madagascar
55.5%
Tunisia
55.1%
Republic of Congo
51.6%
Mauritania
50.6%
Mauritius
50.6%
Zambia
50.5%
Ghana
49.5%
Somalia
48.9%
Guinea
48.4%
Guinea-Bissau
48.4%
Country % Correct
Eritrea
48.3%
Rwanda
48.1%
Tanzania
48%
Lesotho
47.8%
Burkina Faso
47.1%
Burundi
47.1%
Angola
46.4%
Uganda
44.8%
Côte d'Ivoire
44.1%
Central African Republic
43.8%
Namibia
43.5%
Djibouti
43.3%
Mozambique
42.2%
Togo
42%
Botswana
41.3%
Cameroon
39.8%
Eswatini
39.6%
Senegal
38.1%
Benin
38.1%
Gambia
35.5%
Equatorial Guinea
34.8%
Sierra Leone
33.9%
Gabon
33.7%
Comoros
33.3%
Seychelles
32%
Cabo Verde
30.1%
São Tomé and Príncipe
26.9%

From the Vault

Murderous Minefield

by MSUKent

If things get too dangerous, you can always hit 'give up'.
Remove Ads.
Support Sporcle.
Get the best of Sporcle when you Go Orange. This ad-free experience offers more features, more stats, and more fun while also helping to support Sporcle. Thank you for becoming a member.

Show Comments

Extras

Top Quizzes Today


Score Distribution

Your Account Isn't Verified!

In order to create a playlist on Sporcle, you need to verify the email address you used during registration. Go to your Sporcle Settings to finish the process.

Report this User

Report this user for behavior that violates our Community Guidelines.

Details: